[Event "Barcelona Barri Gotic op 1st"]
[Site "Barcelona"]
[Date "2012.04.23"]
[Round "1.8"]
[White "Lopez Perdomo, Juan David"]
[Black "Sanchez Alegria, Jose Manuel"]
[Result "1-0"]
[WhiteElo "2154"]
[BlackElo "1778"]
[PlyCount "59"]
[EventDate "2012.04.23"]
[EventType "swiss"]
[EventRounds "8"]
[EventCountry "ESP"]
[SourceTitle "EXT 2024"]
[Source "ChessBase"]
[SourceDate "2023.10.10"]
[SourceVersion "1"]
[SourceVersionDate "2023.10.10"]
[SourceQuality "1"]

1. e4 c5 2. c3 d5 3. exd5 Qxd5 4. d4 cxd4 5. cxd4 Nc6 6. Nf3 e6 7. Nc3 Bb4 8. Bd3 Nge7 9. 0-0 Qd8 10. Re1 0-0 11. Bxh7+ Kxh7 12. Ng5+ Kg6 13. Qg4 f5 14. Qg3 Bd6 15. f4 Kf6 16. Qe3 Qd7 17. Qf2 Qd8 18. Qe3 Qd7 19. b3 Nb4 20. d5 Nexd5 21. Nxd5+ Nxd5 22. Qf3 Bc5+ 23. Kh1 Bd4 24. Rxe6+ Qxe6 25. Nxe6 Bxe6 26. Rb1 Nc3 27. Bb2 Nxb1 28. Bxd4+ Kf7 29. Qxb7+ Ke8 30. Qxa8+ 1-0